Learning Resource and Development

Creating 2D adnimation revealed : (Record no. 2396)

MARC details
000 -LEADER
fixed length control field 00797nam a22002537a 4500
005 - DATE AND TIME OF LATEST TRANSACTION
control field 20230512221602.0
008 - FIXED-LENGTH DATA ELEMENTS--GENERAL INFORMATION
fixed length control field 180307t xxu||||| |||| 00| 0 eng d
020 ## - INTERNATIONAL STANDARD BOOK NUMBER
International Standard Book Number 9781133693482
040 ## - CATALOGING SOURCE
Transcribing agency CSPC
082 0# - DEWEY DECIMAL CLASSIFICATION NUMBER
Classification number 006.696
Item number K291c
100 ## - MAIN ENTRY--PERSONAL NAME
Personal name Keller, Debbie
Relator term author.
245 00 - TITLE STATEMENT
Title Creating 2D adnimation revealed :
Remainder of title with the adobe creative suite /
Statement of responsibility, etc. Debbie Keller
260 ## - PUBLICATION, DISTRIBUTION, ETC.
Place of publication, distribution, etc. Australia :
Name of publisher, distributor, etc. Cengage Learning.
Date of publication, distribution, etc. 2014.
300 ## - PHYSICAL DESCRIPTION
Other physical details images, tables ;
Dimensions 22 cm.
500 ## - GENERAL NOTE
General note Includes Index.
650 10 - SUBJECT ADDED ENTRY--TOPICAL TERM
Topical term or geographic name entry element Websites
General subdivision Design.
650 10 - SUBJECT ADDED ENTRY--TOPICAL TERM
Topical term or geographic name entry element Adobe creative suite.
650 10 - SUBJECT ADDED ENTRY--TOPICAL TERM
Topical term or geographic name entry element Computer graphics.
650 10 - SUBJECT ADDED ENTRY--TOPICAL TERM
Topical term or geographic name entry element Computer animation.
940 ## - EQUIVALENCE OR CROSS-REFERENCE--UNIFORM TITLE [OBSOLETE] [CAN/MARC only]
Uniform title <a href="Mar.">Mar.</a>
942 ## - ADDED ENTRY ELEMENTS (KOHA)
Koha item type
-- CIR 006.696 K291c 2014.
Holdings
Withdrawn status Lost status Damaged status Not for loan Home library Current library Shelving location Date acquired Total Checkouts Full call number Barcode Date last seen Copy number Price effective from Koha item type
        Main Library Main Library Circulation Section 05/12/2023   CIR 006.696 K291c 2014. 016731 05/12/2023 1-2 05/12/2023 Books
        Main Library Main Library Circulation Section 05/12/2023   CIR 006.696 K291c 2014. 016732 05/12/2023 2-2 05/12/2023 Books